000 00762nam a2200181 a 4500
008 120416s1994 ||||||||||||||||| || u
020 _a0521383447
050 _aQA 76.9.M35 Sto
100 _aStoltenberg-Hansen, Viggo
245 1 0 _aMathematical theory of domains
260 _aCambridge
_bCUP
_c1994
300 _avii, 349p. : ill.
350 _a0.00
650 0 _aCOMPUTER SCIENCE--MATHEMATICS
650 0 _aNUMERICAL ANALYSIS
995 _aMAIN LIBRARY OPEN ACCESS
_D0.00
_e728411
_FCBU-MAIN LIBRARY (Kitwe)
_H2
_I25.00
_jQA 76.9.M35 Sto
_M2
_UAVAILABLE
_y026002
_ZMain Library Open Access Collection
995 _aANNEX COLLECTION (Main Library)
_D0.00
_e728410
_FCBU-MAIN LIBRARY (Kitwe)
_H1
_I25.00
_jQA 76.9.M35 Sto
_M1
_UAVAILABLE
_y026001
_ZAnnex Low-Usage Collection
999 _c82739
_d82739